000 00630nam a2200217Ii 4500
003 JO-AjNU
008 230605s9999||||xx |||||||||||||| ||und||
017 _a93/111-8
020 _a977-271082
040 _aJO-AjNU
_bara
_erda
_cJO-AjNU
041 _aara
050 1 4 _aRC685
100 3 _aالحسيني ، ايمن,
_eauthor
_917896
245 0 0 _aهل تعاني من ارتفاع ضغط الدم
264 3 1 _aالقاهرة:ابن سينا ، د.ت
300 _a91ص
336 _atext
_btxt
_2rdacontent
337 _aunmediated
_bn
_2rdamedia
338 _avolume
_bnc
_2rdacarrier
650 4 _aظغط الدم
_917897
999 _aA5623
_c9191
_d9191